000
00229 a2200097 4500
001
5659
100
_a
Wooddenry,DO
245
_a
1001 questions answers about the new science
260
_a
_b
George Harrap
_c
090
_c
4648
_d
4648
942
_a
NUST-CAE
_c
M
_c
30987
999
_c
240732
_d
240732